[Event "Schleswig Holstein-ch cand-B 56th"]
[Site "Eckernfoerde"]
[Date "2001.04.??"]
[Round "8"]
[White "Buenz, Thilo"]
[Black "Ahrens, Timo"]
[Result "0-1"]
[WhiteElo "1805"]
[BlackElo "1874"]
[PlyCount "46"]
[EventDate "2001.04.??"]
[EventType "swiss"]
[EventRounds "9"]
[EventCountry "GER"]
[SourceTitle "EXT 2004"]
[Source "ChessBase"]
[SourceDate "2003.11.25"]
[SourceVersion "1"]
[SourceVersionDate "2003.11.25"]
[SourceQuality "1"]

1. e4 c5 2. Nf3 Nc6 3. d4 cxd4 4. Nxd4 Nf6 5. Nc3 e5 6. Ndb5 d6 7. Bg5 a6 8. Na3 b5 9. Nd5 Be7 10. Bxf6 Bxf6 11. c3 Bg5 12. Bxb5 axb5 13. Nxb5 0-0 14. Ndc7 Ba6 15. 0-0 Bxb5 16. Nxb5 Qb8 17. a4 Na7 18. Nxa7 Rxa7 19. b4 Qc7 20. Qd3 Rc8 21. Rfd1 Qxc3 22. Qxc3 Rxc3 23. Rxd6 Rxa4 0-1

[Event "Schleswig Holstein-ch cand-B 56th"]
[Site "Eckernfoerde"]
[Date "2001.04.??"]
[Round "3"]
[White "Buenz, Thilo"]
[Black "Rickert, Heiko"]
[Result "1/2-1/2"]
[WhiteElo "1805"]
[BlackElo "1852"]
[PlyCount "33"]
[EventDate "2001.04.??"]
[EventType "swiss"]
[EventRounds "9"]
[EventCountry "GER"]
[SourceTitle "EXT 2004"]
[Source "ChessBase"]
[SourceDate "2003.11.25"]
[SourceVersion "1"]
[SourceVersionDate "2003.11.25"]
[SourceQuality "1"]

1. e4 c5 2. Nf3 d6 3. d4 cxd4 4. Nxd4 Nf6 5. Nc3 a6 6. f3 Nc6 7. Be3 e6 8. Bc4 Be7 9. 0-0 0-0 10. a3 Qc7 11. Ba2 Bd7 12. Nce2 Rac8 13. Nxc6 Bxc6 14. c4 Rfd8 15. Nc3 Nd7 16. Qe2 Nb6 17. Qf2 1/2-1/2

[Event "Schleswig Holstein-ch cand-B 56th"]
[Site "Eckernfoerde"]
[Date "2001.04.??"]
[Round "2"]
[White "Buenz, Thilo"]
[Black "Schaefer, Ruediger"]
[Result "1-0"]
[WhiteElo "1805"]
[BlackElo "1874"]
[PlyCount "77"]
[EventDate "2001.04.??"]
[EventType "swiss"]
[EventRounds "9"]
[EventCountry "GER"]
[SourceTitle "EXT 2004"]
[Source "ChessBase"]
[SourceDate "2003.11.25"]
[SourceVersion "1"]
[SourceVersionDate "2003.11.25"]
[SourceQuality "1"]

1. e4 e5 2. Nf3 d6 3. d4 Nd7 4. dxe5 dxe5 5. Bc4 c6 6. 0-0 Be7 7. Be3 Ngf6 8. Ng5 0-0 9. Nxf7 Rxf7 10. Bxf7+ Kxf7 11. f3 Qc7 12. Nc3 Nb6 13. b3 Be6 14. Qc1 Rd8 15. Qb2 Kg8 16. Rad1 Rxd1 17. Nxd1 Nbd7 18. Nf2 b6 19. c3 Nf8 20. a4 Ng6 21. Nd3 Nh5 22. g3 Bd6 23. Ra1 Qf7 24. Kg2 Qb7 25. c4 c5 26. a5 Nf6 27. axb6 axb6 28. Nf2 Ne7 29. Ra3 Nc6 30. Qa1 Nd7 31. Nd1 Bb8 32. Nc3 Nd4 33. Qa2 h6 34. Nd5 Bxd5 35. exd5 Qc8 36. Ra8 Qb7 37. Qa4 Kh7 38. Bxd4 exd4 39. Qc6 1-0

[Event "Schleswig Holstein-ch cand-B 56th"]
[Site "Eckernfoerde"]
[Date "2001.04.??"]
[Round "1"]
[White "Hoffmann, Joachim"]
[Black "Buenz, Thilo"]
[Result "1/2-1/2"]
[WhiteElo "1901"]
[BlackElo "1805"]
[PlyCount "69"]
[EventDate "2001.04.??"]
[EventType "swiss"]
[EventRounds "9"]
[EventCountry "GER"]
[SourceTitle "EXT 2004"]
[Source "ChessBase"]
[SourceDate "2003.11.25"]
[SourceVersion "1"]
[SourceVersionDate "2003.11.25"]
[SourceQuality "1"]

1. e4 c6 2. d4 d5 3. exd5 Qxd5 4. Nc3 Qa5 5. Nf3 Bf5 6. Bc4 e6 7. 0-0 Bd6 8. Re1 Ne7 9. Ne4 Bxe4 10. Rxe4 Nd7 11. c3 Nf6 12. Re1 Qc7 13. Bg5 h6 14. Bh4 Ng6 15. Bg3 Bxg3 16. fxg3 0-0 17. Qc2 Rfe8 18. Bxe6 Rxe6 19. Rxe6 fxe6 20. Qxg6 c5 21. Kh1 cxd4 22. Nxd4 Qf7 23. Qxf7+ Kxf7 24. Re1 Rd8 25. Rxe6 Rxd4 26. Rxf6+ Kxf6 27. cxd4 Kf5 28. Kg1 Ke4 29. Kf2 Kxd4 30. Ke2 b5 31. g4 b4 32. g3 Ke4 33. a3 b3 34. a4 a5 35. h4 1/2-1/2

[Event "Schleswig Holstein-ch cand-B 56th"]
[Site "Eckernfoerde"]
[Date "2001.04.??"]
[Round "6"]
[White "Magdorf, Peter"]
[Black "Buenz, Thilo"]
[Result "1-0"]
[WhiteElo "1900"]
[BlackElo "1805"]
[PlyCount "95"]
[EventDate "2001.04.??"]
[EventType "swiss"]
[EventRounds "9"]
[EventCountry "GER"]
[SourceTitle "EXT 2004"]
[Source "ChessBase"]
[SourceDate "2003.11.25"]
[SourceVersion "1"]
[SourceVersionDate "2003.11.25"]
[SourceQuality "1"]

1. e4 c6 2. Nf3 d5 3. Nc3 Bg4 4. h3 dxe4 5. Nxe4 Qd5 6. Neg5 Bxf3 7. Nxf3 Nf6 8. d4 e6 9. Bd3 Qa5+ 10. Bd2 Qc7 11. c4 Bd6 12. 0-0 0-0 13. Re1 Nbd7 14. Bc3 c5 15. Rc1 Kh8 16. Bb1 cxd4 17. Qxd4 Bf4 18. Rc2 Rfd8 19. Qd1 Ne5 20. Qe2 Nxf3+ 21. Qxf3 Ne8 22. Rce2 Kg8 23. Re4 Bd2 24. Be5 Qe7 25. Rd1 Bg5 26. Red4 Rxd4 27. Rxd4 Rd8 28. Qd3 g6 29. f4 Rxd4 30. Qxd4 Bf6 31. Be4 Bxe5 32. fxe5 b6 33. Bc6 Kf8 34. Bxe8 Kxe8 35. a3 Qg5 36. Qc3 f6 37. exf6 Kf7 38. b4 Qxf6 39. Qxf6+ Kxf6 40. Kf2 Ke5 41. Ke3 Kd6 42. Ke4 g5 43. g3 a5 44. Kd4 h5 45. g4 hxg4 46. hxg4 axb4 47. axb4 Kd7 48. Ke5 1-0

[Event "Schleswig Holstein-ch cand-B 56th"]
[Site "Eckernfoerde"]
[Date "2001.04.??"]
[Round "7"]
[White "Werner, Gerhard"]
[Black "Buenz, Thilo"]
[Result "1/2-1/2"]
[WhiteElo "1790"]
[BlackElo "1808"]
[PlyCount "42"]
[EventDate "2001.04.??"]
[EventType "swiss"]
[EventRounds "9"]
[EventCountry "GER"]
[SourceTitle "EXT 2004"]
[Source "ChessBase"]
[SourceDate "2003.11.25"]
[SourceVersion "1"]
[SourceVersionDate "2003.11.25"]
[SourceQuality "1"]

1. e4 c6 2. d4 d5 3. Nc3 dxe4 4. Nxe4 Nd7 5. Nf3 Ngf6 6. Ng3 Nb6 7. Bd3 g6 8. h3 Be6 9. b3 Bd5 10. Be3 Bxf3 11. Qxf3 Qd6 12. Ne4 Nxe4 13. Bxe4 Qd7 14. 0-0 e6 15. Rad1 Bg7 16. c3 0-0 17. Bg5 Qc7 18. Bf6 Bxf6 19. Qxf6 Nd5 20. Qf3 Qa5 21. c4 Nc3 1/2-1/2